Pays ayant le plus de langues officielles - Statistiques

Statistiques générales
  • Ce quiz a été pris 163 fois
    9 depuis la dernière actualisation
  • Le résultat moyen est 8 sur 17
Statistiques - réponses
Nombre de
langues
officielles
Pays % Correct
22 Inde
100%
11 Afrique du Sud
88%
4 Suisse
75%
16 Zimbabwe
63%
3 Belgique
50%
37 Bolivie
50%
3 Nouvelle-Zélande
50%
4 Papouasie-Nouvelle-Guinée
50%
3 Bosnie-Herzégovine
38%
3 Fidji
38%
3 Luxembourg
38%
4 Rwanda
38%
3 Comores
25%
4 Singapour
25%
3 Guinée-Équatoriale
13%
3 Seychelles
13%
3 Vanuatu
13%
Aucun quiz correspondant
Distribution des résultats
% des personnes avec chaque résultat
Percentile par nombre de réponses
Votre historique - résultats
Vous n’avez pas pris ce quiz depuis la dernière actualisation